Tratado de enfermería del niño y el adolescente (Registro nro. 26600)

000 -CABECERA
campo de control de longitud fija 00797cam a22002774a 4500
001 - NÚMERO DE CONTROL
campo de control YPZ96948
003 - IDENTIFICADOR DEL NÚMERO DE CONTROL
campo de control YPZ
005 - FECHA Y HORA DE LA ÚLTIMA TRANSACCIÓN
campo de control 20220705090348.0
008 - DATOS DE LONGITUD FIJA--INFORMACIÓN GENERAL
campo de control de longitud fija 130222|###########||||||b||||||||||spa|d
020 ## - NÚMERO INTERNACIONAL ESTÁNDAR DEL LIBRO
Número Internacional Estándar del Libro 9788480868624
040 ## - FUENTE DE LA CATALOGACIÓN
Centro/agencia transcriptor SIUNPA
Centro catalogador/agencia de origen SIUNPA
Lengua de catalogación spa
Normas de descripción AACR2
041 ## - CÓDIGO DE LENGUA
Código de lengua del texto/banda sonora o título independiente spa
044 ## - CÓDIGO DEL PAÍS DE LA ENTIDAD EDITORA/PRODUCTORA
Código MARC del país sp
080 ## - NÚMERO DE LA CLASIFICACIÓN DECIMAL UNIVERSAL
Número de la Clasificación Decimal Universal 616-053.2 A283tr2
100 ## - ENTRADA PRINCIPAL--NOMBRE DE PERSONA
Nombre de persona Aguilar Cordero, María José.
245 ## - MENCIÓN DE TÍTULO
Título Tratado de enfermería del niño y el adolescente
Resto del título : cuidados pediátricos
Mención de responsabilidad, etc. / María José Aguilar Cordero
260 ## - PUBLICACIÓN, DISTRIBUCIÓN, ETC.
Lugar de publicación, distribución, etc. Madrid
Nombre del editor, distribuidor, etc. : Elsevier
Fecha de publicación, distribución, etc. , 2012
300 ## - DESCRIPCIÓN FÍSICA
Extensión xiii, 465 p.
Otras características físicas : il.
650 ## - PUNTO DE ACCESO ADICIONAL DE MATERIA--TÉRMINO DE MATERIA
Término de materia o nombre geográfico como elemento de entrada SERVICIOS DE ENFERMERIA
650 ## - PUNTO DE ACCESO ADICIONAL DE MATERIA--TÉRMINO DE MATERIA
Término de materia o nombre geográfico como elemento de entrada NIÑOS
650 ## - PUNTO DE ACCESO ADICIONAL DE MATERIA--TÉRMINO DE MATERIA
Término de materia o nombre geográfico como elemento de entrada ADOLESCENTES
650 ## - PUNTO DE ACCESO ADICIONAL DE MATERIA--TÉRMINO DE MATERIA
Término de materia o nombre geográfico como elemento de entrada DESARROLLO DEL NIÑO
650 ## - PUNTO DE ACCESO ADICIONAL DE MATERIA--TÉRMINO DE MATERIA
Término de materia o nombre geográfico como elemento de entrada PEDIATRIA
650 ## - PUNTO DE ACCESO ADICIONAL DE MATERIA--TÉRMINO DE MATERIA
Término de materia o nombre geográfico como elemento de entrada PRACTICAS DE ENFERMERIA
942 ## - ELEMENTOS DE PUNTO DE ACCESO ADICIONAL (KOHA)
Tipo de ítem Koha Libros
Fuente del sistema de clasificación o colocación
Existencias
Estado de retiro Estado de pérdida Fuente del sistema de clasificación o colocación Estado dañado No para préstamo Código de colección Localización permanente Ubicación/localización actual Fecha de adquisición Fuente de adquisición Coste, precio normal de compra Número de inventario Signatura topográfica completa Código de barras Fecha visto por última vez Número de copia Precio válido a partir de Tipo de ítem Koha
          Colección General SIUNPA Biblioteca Académica Hilda S. Gabriel 2013-02-26 Compra SIUNPA 830.00 04-43939 616-053.2 A283tr2 04-43939 2019-04-03 ej.1 2019-04-03 Libros
          Colección General SIUNPA Biblioteca Académica Hilda S. Gabriel 2013-02-26 Compra SIUNPA 830.00 04-43940 616-053.2 A283tr2 04-43940 2019-04-03 ej.2 2019-04-03 Libros
          Colección General SIUNPA Biblioteca Académica Hilda S. Gabriel 2013-08-22 Compra SIUNPA 442.80 04-45323 616-053.2 A283tr2 04-45323 2019-04-03 ej.3 2019-04-03 Libros
          Colección General SIUNPA Biblioteca Académica Hilda S. Gabriel 2013-08-22 Compra SIUNPA 442.80 04-45324 616-053.2 A283tr2 04-45324 2019-04-03 ej.4 2019-04-03 Libros
          Colección General SIUNPA Biblioteca Académica UACO 2013-02-22 Compra SIUNPA 830.00 02-43926 616-053.2 A283tr2 02-43926 2019-04-03 ej.1 2019-04-03 Libros
          Colección General SIUNPA Biblioteca Académica UACO 2013-02-22 Compra SIUNPA 830.00 02-43927 616-053.2 A283tr2 02-43927 2019-04-03 ej.2 2019-04-03 Libros
          Colección General SIUNPA Biblioteca Satélite Pico Truncado 2013-02-28 Compra SIUNPA 830.00 10-43995 616-053.2 A283tr2 10-43995 2019-04-03   2019-04-03 Libros
          Colección General SIUNPA Biblioteca Satélite Piedrabuena 2013-02-28 Compra SIUNPA 830.00 11-43993 616-053.2 A283tr2 11-43993 2019-04-03 ej.1 2019-04-03 Libros
          Colección General SIUNPA Biblioteca Satélite Piedrabuena 2013-02-28 Compra SIUNPA 830.00 11-43994 616-053.2 A283tr2 11-43994 2019-04-03 ej.2 2019-04-03 Libros